000
00366nam a22000977a 4500
100
_a
श्रीवास्पव,विनय
_9
80170
245
_a
ऐसे बने थे लाला लाजपतराय
260
_a
दिल्ली
_b
श्रीनाथ बुक्स हाऊस
_c
2019
650
_a
जीवनी
_9
7943
942
_c
HIN
999
_c
63619
_d
63619